Statystyki dla Top 10 najlepszych polskich piłkarzy

Kliknij tutaj aby rozwiązać quiz!

Ogólne statystyki

  • Ten quiz został rozwiązany 153 razy
  • Średni wynik to 5 z 10

Statystyki odpowiedzi

HintOdpowiedź% Poprawnych
4Robert Lewandowski
100%
2Zbigniew Boniek
70%
1Grzegorz Lato
60%
3Kazimierz Deyna
56%
10Jakub Błaszczykowski
48%
9Włodzimierz Smolarek
46%
6Łukasz Piszczek
36%
8Jan Tomaszewski
27%
5Andrzej Szarmach
18%
7Ernest Wilimowski
4%

Rozkład punktacji

Percentyl według liczby udzielonych odpowiedzi

Procent ludzi z każdym wynikiem

Twoja historia wyników

Nie rozwiązałeś tego quizu